US States that Contain the Letter D - Statistics

General Stats
  • This quiz has been taken 220 times
  • The average score is 9 of 10
Answers on the Map
Answers color-coded by a green-red scale on the quiz's map according to % correct below.
 
Answer Stats
Answer % Correct
North Dakota
97%
South Dakota
97%
Delaware
96%
Florida
96%
Idaho
94%
Nevada
91%
Rhode Island
91%
Colorado
90%
Indiana
87%
Maryland
84%
No matching quizzes found
Score Distribution
Percent of People with Each Score
Percentile by Number Answered
Your Score History
You have not taken this quiz